000 01716cam a2200133 4500500
005 20260125083552.0
041 _afre
042 _adc
100 1 0 _aAntoine, Olivier
_eauthor
245 0 0 _aGéopolitique du soja
260 _bArmand Colin,
_c2025.
520 _aFondement essentiel de la sécurité alimentaire, le soja s’est imposé en moins d’un siècle comme la principale source de protéines des systèmes agroalimentaires globaux. Redessinant les paysages agricoles, il a entraîné dans son sillage des impacts environnementaux notables – déforestation, généralisation des OGM, usage intensif de pesticides – et nourri de nouvelles rivalités entre puissances mondiales.Quels sont les risques et les avantages pour les pays producteurs et importateurs ? Pourquoi le Brésil, les États-Unis, et la Chine se disputent-ils le contrôle de cette ressource stratégique ? Pourquoi l’Union Européenne continue-t-elle de dépendre si massivement de cette ressource ? Et alors que de nouvelles frontières du soja se dessinent, dans des pays comme la Russie et certains États africains, quelles alternatives émergent pour remplacer le «roi soja» ?À travers une analyse des grands pôles de production et de flux commerciaux, cet ouvrage examine les enjeux de souveraineté alimentaire et les tensions inhérentes à l’expansion d’un modèle agricole mondialisé.Un voyage géopolitique captivant, entre défis économiques, conflits environnementaux et résilience des communautés locales face à un modèle agricole mondialisé.
856 4 1 _uhttps://shs.cairn.info/geopolitique-du-soja--9782200641832?lang=fr&redirect-ssocas=7080
999 _c1638679
_d1638679